PDC World Cup Of Darts - Statistiken

Allgemein
  • Dieses Quiz wurde 1.052 mal gespielt
    254 seit der letzten Aktualisierung
  • Das Durchschnittsergebnis liegt bei 28 aus 30
Antwortstatistiken
Jahr Nationalität Gewinner % Korrekt
2014 Niederlande Michael van Gerwen
100%
2017 Niederlande Michael van Gerwen
100%
2018 Niederlande Michael van Gerwen
100%
2012 England Phil Taylor
99%
2013 England Phil Taylor
99%
2015 England Phil Taylor
99%
2016 England Phil Taylor
99%
2019 Schottland Gary Anderson
98%
2020 Wales Gerwyn Price
98%
2023 Wales Gerwyn Price
98%
2010 Niederlande Raymond van Barneveld
98%
2014 Niederlande Raymond van Barneveld
98%
2017 Niederlande Raymond van Barneveld
98%
2018 Niederlande Raymond van Barneveld
98%
2019 Schottland Peter Wright
97%
2021 Schottland Peter Wright
97%
2024 England Luke Humphries
96%
2020 Wales Jonny Clayton
95%
2023 Wales Jonny Clayton
95%
2022 Australien Damon Heta
94%
2024 England Michael Smith
93%
2025 Nordirland Daryl Gurney
91%
2025 Nordirland Josh Rock
91%
2022 Australien Simon Whitlock
91%
2012 England Adrian Lewis
86%
2013 England Adrian Lewis
86%
2015 England Adrian Lewis
86%
2016 England Adrian Lewis
86%
2021 Schottland John Henderson
67%
2010 Niederlande Jacobus Stompé
33%
Keine übereinstimmenden Quizze gefunden
Verteilung der Resultate
Anzahl Personen mit jedem Resultat
Perzentil nach korrekt beantworteten Fragen
Ihre Resultats-Entwicklung
Sie haben dieses Quiz seit der letzten Aktualisierung nicht gespielt